| 000 -LEADER |
| fixed length control field |
00423pab a2200145 454500 |
| 008 - FIXED-LENGTH DATA ELEMENTS--GENERAL INFORMATION |
| fixed length control field |
180718b1996 xxu||||| |||| 00| 0 eng d |
| 100 ## - MAIN ENTRY--PERSONAL NAME |
| Personal name |
Dordunoo, Cletus K. |
| 245 ## - TITLE STATEMENT |
| Title |
Gender analysis of labour force participation, employment and status of work in Ghana |
| 260 ## - PUBLICATION, DISTRIBUTION, ETC. |
| Date of publication, distribution, etc. |
1996 |
| 300 ## - PHYSICAL DESCRIPTION |
| Extent |
p.61-81 |
| 650 ## - SUBJECT ADDED ENTRY--TOPICAL TERM |
| Topical term or geographic name entry element |
Women - Ghana |
| 650 ## - SUBJECT ADDED ENTRY--TOPICAL TERM |
| Topical term or geographic name entry element |
Labour market |
| 773 ## - HOST ITEM ENTRY |
| Main entry heading |
Greenhil Journal of Administration |
| 909 ## - |
| -- |
33994 |